| 000 | 00993cam a22002534a 4500 | ||
|---|---|---|---|
| 001 | 11963837 | ||
| 005 | 20250121121051.0 | ||
| 008 | 000404s2000 gw a b 100 0 eng | ||
| 020 | _a3790812838 (acidfree paper) | ||
| 050 | 0 | 0 |
_aHJ113 _b.A38 2000 |
| 082 | 0 | 0 |
_a336 _221 |
| 245 | 0 | 0 |
_aAdvances in public economics / _cRobin Boadway, Baldev Raj, editors. |
| 260 |
_aHeidelberg ; _aNew York : _bPhysica-Verlag, _cc2000. |
||
| 300 |
_aviii, 171 p. : _bill. ; _c24 cm. |
||
| 440 | 0 | _aStudies in empirical economics | |
| 500 | _a"First published in Empirical economics, vol. 24, issue 4, 1999"--T.p. verso. | ||
| 650 | 0 |
_aFinance, Public _vCongresses. |
|
| 650 | 0 |
_aEconomic policy _vCongresses. |
|
| 700 | 1 |
_aBoadway, Robin W., _d1943- |
|
| 700 | 1 |
_aRaj, Baldev, _d1941- |
|
| 856 | 4 | 2 |
_3Publisher description _uhttp://www.loc.gov/catdir/enhancements/fy0812/00039147-d.html |
| 856 | 4 | 1 |
_3Table of contents only _uhttp://www.loc.gov/catdir/enhancements/fy0812/00039147-t.html |
| 942 |
_2lcc _cBK _n0 |
||
| 999 |
_c2742 _d2742 |
||